01003nam a22002777a 4500003000500000005001700005008004100022010001000063011001000073020001500083035001100098040000900109082001800118110000800136245014500144260002300289300002700312490005300339500018300392650001200575650002300587650001400610700002100624700002700645830005300672CHAP20220817044158.0070912d2005 it rn 00010 eng d a93991 a94963 a9251053839 a105565 cCHAP04a639.3731bF3y2 aFAO10aCephalopods of the world :ban annotated and illustrated catalogue of cephalopod species known to datec/editado por P. Jereb y C.F.E. Roper aRoma :bFAO,c2005 av. :billus., gráfs. 0aFAO. Species catalogue for fishery purposesv; 4 aLa biblioteca tiene : tom.1 Chambered nautiluses and sepioids (nautilidae, seplidae, sepiolidae, sepiadariidae, idiosepiidae and spirulidae). -- Tom.2 Myopsid and Oegopsid Squids14aBentos.14aEcología marina.14aMoluscos.1 aJereb, P.e, ed.1 aRoper, C. F. E.e, ed.00aFAO. Species catalogue for fishery purposesv; 4